Essais sur le symbolique

Αποθηκεύτηκε σε:
Λεπτομέρειες βιβλιογραφικής εγγραφής
Κύριος συγγραφέας: Rosolato, Guy, 1924-2012
Μορφή: Βιβλίο
Γλώσσα:French
Δημοσίευση: [Paris] : Gallimard, c1969.
Σειρά:Collection Tel
Θέματα:
Ετικέτες: Προσθήκη ετικέτας
Δεν υπάρχουν, Καταχωρήστε ετικέτα πρώτοι!

MARC

LEADER 00000cam a2200000 i 4500
001 1/783
008 000413s1969 fr | ||| |||| ||fre||
020 |a 2070285928 
035 |l 10059781 
040 |a GR-MyUa  |b gre  |e AACR2 
041 0 |a fre 
082 7 |a 701.15   |2 (22) 
100 1 |a Rosolato, Guy,   |d 1924-2012. 
245 1 0 |a Essais sur le symbolique /   |c Guy Rosolato. 
260 |a [Paris] :   |b Gallimard,   |c c1969. 
300 |a 364 σ. ;   |c 19 εκ. 
490 1 |a (Collection Tel) 
504 |a Περιλαμβάνει βιβλιογραφία. 
650 0 0 |a Psychoanalysis and art. 
650 0 0 |a Speeches, addresses, etc. 
830 0 |a Collection Tel 
852 |a INST  |b RHODES  |e 20000413  |h 701.15 ROS  |p 005400006752  |q 005400006752  |t BK  |y 0 
922 |a 4ΕΛΗ  |b 199612  |c 102/ΚΑΛΑΒΑΣΗΣ  |d LEADER BOOKS 
970 |z 2000/04/13